Statistieken voor 50 grootste Nederlandse gemeenten

Klik hier om de quiz te nemen!

Algemene statistieken

  • Deze quiz is 597 keer genomen
    (358 sinds de laatste reset)
  • De gemiddelde score is 33 van 50

Antwoordstatistieken

PlaatsInwonersProvincieStad% Correct
1844.947N-HollandAmsterdam
99%
2634.660Z-HollandRotterdam
98%
3524.882Z-HollandDen Haag
97%
5226.838N-BrabantEindhoven
97%
4343.038UtrechtUtrecht
97%
7201.636GroningenGroningen
95%
6213.804N-BrabantTilburg
94%
21121.317LimburgMaastricht
92%
9176.231N-BranantBreda
90%
8200.914FlevolandAlmere
89%
16150.354GelderlandArnhem
88%
10166.672GelderlandNijmegen
88%
20122.737OverijsselZwolle
88%
13154.352N-HollandHaarlem
87%
18143.373N-Brabant's Hertogenbosch
86%
11158.343OverijsselEnschede
85%
3096.174FrieslandLeeuwarden
82%
3194.958N-HollandAlkmaar
80%
14150.492UtrechtAmersfoort
80%
12157.553GelderlandApeldoorn
80%
22120.105Z-HollandLeiden
79%
4376.081FlevolandLelystad
79%
27100.335LimburgVenlo
76%
25108.132DrentheEmmen
69%
2898.830Z-HollandDelft
68%
4672.519OverijsselAlmelo
65%
23118.702Z-HollandDordrecht
64%
2998.326OverijsselDeventer
62%
3586.279N-HollandHilversum
62%
4970.981Z-HollandGouda
61%
3488.461LimburgHeerlen
61%
3980.999OverijsselHengelo
61%
3293.843LimburgSittard-Geleen
58%
24110.253GelderlandEde
56%
19123.505Z-HollandZoetermeer
56%
3684.944N-BrabantOss
55%
4177.097N-BrabantRoosendaal
55%
4871.567N-HollandHoorn
52%
15150.384N-HollandZaanstad
47%
3389.139N-BrabantHelmond
46%
3784.646N-HollandAmstelveen
44%
17144.153N-HollandHaarlemmermeer
43%
4079.512N-HollandPurmerend
42%
4276.538Z-HollandSchiedam
38%
4572.954Z-HollandAlphen aan de Rijn
29%
5070.863Z-HollandVlaardingen
28%
26103.338Z-HollandWestland
24%
3882.572FrieslandSudwest-Fryslan
21%
4472.962Z-HollandLeidschendam-Voorburg
19%
4772.499Z-HollandNissewaard
11%

Scoreverdeling

Percentiel versus Aantal Correcte Antwoorden

Procent van Mensen met Elke Score

Uw Scoregeschiedenis

U heeft deze quiz nog niet genomen sinds de laatste reset